000 00337nam a2200145Ia 4500
008 150201s2000 xx 000 0 und d
082 _a611
_bG2000G
100 _aGRAY'S
245 _aGRAYS ANATOMY
250 _a38TH
260 _bCHURCHILL LIVINGSTONE
_aEDINBURGH
_c2000
300 _aJan-92
650 _aANATOMY
942 _2ddc
_cBK
_01
999 _c2483
_d2483